000 00663nam a2200301Ia 4500
005 20260401122337.0
008 008 250103s9999 xx 000 0 eng d
020 _a9788190419765
037 _aTB
040 _aEDL
040 _beng
040 _cEDL
041 _2eng
041 _aeng
084 _a891.4531 SUN
084 _qEDL
100 _aSunani, Basudev
_9848713
245 0 _aCast Out: Poems of Anger and Angst
245 0 _cSunani, Basudev
260 _aOrissa
260 _bRupantar
260 _c2008
300 _a59p
942 _cTB
942 _h891.4531 SUN
999 _c1846658
_d1846658